000 00715cam a22002411 4500
999 _c9299
_d9299
001 9299
003 BD-JhCC
005 20180319084835.0
008 750528s1949 nyu 000 0 eng
035 _a(BD-JhCC)9299
040 _aDLC
_cFO
_dDLC
_dBD-JhCC
041 _aeng
050 0 0 _aPR1109
_b.T55
082 _a820.82
_bCOL 1949
100 1 _aTobin, James Edward,
_d1905-1968,
245 1 0 _aCollege book of English literature /
_c[edited by] James Edward Tobin, Victor M. Hamm [and] William H. Hines.
260 _aNew York,
_bAmerican Book Co.
_c[1949]
300 _axxv, 1156 p.
_c25 cm.
500 _a"Reading lists": p. 1119-1135.
650 0 _aEnglish literature.
942 _2ddc
_cBK